Countries with the most unique cities - Statistics

General Stats
  • This quiz has been taken 33 times
  • The average score is 13 of 15
Answer Stats
City Country % Correct
Dubai United Arab Emirates
100%
Sydney Australia
91%
Paris France
91%
Venice Italy
91%
Tokyo Japan
91%
New York United States
91%
Rio De Janeiro Brazil
87%
Kuwait City Kuwait
87%
Singapore Singapore
87%
Kuala Lumpur Malaysia
83%
Doha Qatar
83%
Cape Town South Africa
83%
Istanbul Turkey
83%
Giza Egypt
74%
Manama Bahrain
65%
No matching quizzes found
Score Distribution
Percent of People with Each Score
Percentile by Number Answered
Your Score History
You have not taken this quiz